| 000 | 00752nam a2200229 a 4500 | ||
|---|---|---|---|
| 001 | 15857 | ||
| 003 | CO-ViMGA | ||
| 008 | 141112s2004 ck r 000 u spa d | ||
| 020 | _a9588052599 | ||
| 040 |
_aCO-ViMGA _bspa _cCO-ViMGA |
||
| 082 | 0 | 4 | _a923.41 V176e |
| 100 | 1 |
_aVasquez Perdomo, Maria Eugenia _922797 |
|
| 245 | 1 | 0 |
_aEscrito para no morir : _bBitácora de una militancia |
| 260 |
_aBogotá, _cMinisterio de Cultura, _c2000 |
||
| 300 | _a490.p. | ||
| 490 | _aPremios Nacionales de Cultura 1998 | ||
| 650 | 1 | 4 |
_aCOLOMBIA - Política Y GOBIERNO - 1980 - 2000 _922798 |
| 650 | 1 | 4 |
_aMOVIMIENTO 19 DE ABRIL - HISTORIA _922799 |
| 650 | 1 | 4 |
_aRELATOS PERSONALES _97711 |
| 650 | 1 | 4 |
_aVASQUEZ PERDOMO, MARIA EUGENIA, 1951 - _922800 |
| 942 |
_2ddc _cBK |
||
| 999 |
_c25904 _d25904 |
||